|
|
|
|
| LEADER |
00000naa a22000002c 4500 |
| 001 |
1966966334 |
| 003 |
DE-627 |
| 005 |
20260323125707.0 |
| 007 |
cr uuu---uuuuu |
| 008 |
260323s1996 xx |||||o 00| ||ger c |
| 024 |
7 |
|
|a 10.71843/esj.v2i.109040
|2 doi
|
| 035 |
|
|
|a (DE-627)1966966334
|
| 035 |
|
|
|a (DE-599)KXP1966966334
|
| 040 |
|
|
|a DE-627
|b ger
|c DE-627
|e rakwb
|
| 041 |
|
|
|a ger
|
| 084 |
|
|
|a 1
|2 ssgn
|
| 100 |
1 |
|
|a Rozario, Lilian
|4 aut
|
| 245 |
1 |
0 |
|a Indische Frauen gestern und heute
|
| 264 |
|
1 |
|c 1996
|
| 336 |
|
|
|a Text
|b txt
|2 rdacontent
|
| 337 |
|
|
|a Computermedien
|b c
|2 rdamedia
|
| 338 |
|
|
|a Online-Ressource
|b cr
|2 rdacarrier
|
| 506 |
|
|
|a [DE-21]Open Access
|e Controlled Vocabulary for Access Rights
|u http://purl.org/coar/access_right/c_abf2
|
| 533 |
|
|
|a Online-Ausgabe
|d 2025
|7 nuuuuuuuu||||||
|
| 540 |
|
|
|a [DE-21]Urheberrechtsschutz 1.0
|2 rs
|u https://rightsstatements.org/page/InC/1.0/?language=en
|
| 652 |
|
|
|a ZB
|
| 689 |
0 |
0 |
|d g
|0 (DE-588)4026722-2
|0 (DE-627)104585129
|0 (DE-576)208967699
|2 gnd
|a Indien
|
| 689 |
0 |
1 |
|d s
|0 (DE-588)4018202-2
|0 (DE-627)104270705
|0 (DE-576)208923209
|2 gnd
|a Frau
|
| 689 |
0 |
|
|5 (DE-627)
|
| 773 |
0 |
8 |
|i Enthalten in
|a Unbeschuhte Karmeliten. Österreichische Provinz
|t Edith Stein Jahrbuch
|d Würzburg : Echter, 1995
|g 2(1996), Seite 249-262
|w (DE-627)1965387322
|w (DE-600)3237697-2
|x 0948-3063
|7 nnas
|
| 773 |
1 |
8 |
|g volume:2
|g year:1996
|g pages:249-262
|
| 776 |
0 |
8 |
|i Elektronische Reproduktion von
|a Rozario, Lilian
|t Indische Frauen gestern und heute
|d 1996
|w (DE-627)1639666206
|w (DE-576)464862574
|k Non-Electronic
|
| 856 |
4 |
0 |
|u https://doi.org/10.71843/esj.v2i.109040
|x Digitalisierung
|z kostenfrei
|3 Volltext
|7 0
|
| 935 |
|
|
|a mteo
|a DTH5
|
| 951 |
|
|
|a AR
|
| ELC |
|
|
|a 1
|
| ITA |
|
|
|a 1
|t 1
|
| LOK |
|
|
|0 000 xxxxxcx a22 zn 4500
|
| LOK |
|
|
|0 001 4940998371
|
| LOK |
|
|
|0 003 DE-627
|
| LOK |
|
|
|0 004 1966966334
|
| LOK |
|
|
|0 005 20260323125707
|
| LOK |
|
|
|0 008 260323||||||||||||||||ger|||||||
|
| LOK |
|
|
|0 040
|a DE-Tue135
|c DE-627
|d DE-Tue135
|
| LOK |
|
|
|0 092
|o n
|
| LOK |
|
|
|0 852
|a DE-Tue135
|
| LOK |
|
|
|0 852 1
|9 00
|
| LOK |
|
|
|0 935
|a ixzs
|
| LOK |
|
|
|0 936ln
|0 1442053755
|a ZB
|
| LOK |
|
|
|0 939
|a 2026-03-23
|b l01
|
| OAS |
|
|
|a 1
|
| ORI |
|
|
|a TA-MARC-ixtheoa001.raw
|
| REL |
|
|
|a 1
|
| STA |
0 |
0 |
|a India,India,India,India,India,India,India,India,Southern India,Northeastern India,Northwestern India,Southeastern India,Northern India,Western India,Woman,Adult woman,Women,Women,Women in art
|
| STB |
0 |
0 |
|a Femme,Femme,Femmes,Femmes,Inde
|
| STC |
0 |
0 |
|a India,Mujer,Mujer,Mujeres
|
| STD |
0 |
0 |
|a Donna,Donna,India
|
| STE |
0 |
0 |
|a 印度,女人,女人,女残疾人土,妇女,女子,妇女,女子
|
| STF |
0 |
0 |
|a 印度,女人,女人,女殘疾人土,婦女,女子,婦女,女子
|
| STG |
0 |
0 |
|a Mulher,Mulher,Índia
|
| STH |
0 |
0 |
|a Женщина (мотив),Женщина,Индия (мотив)
|
| STI |
0 |
0 |
|a Γυναίκα (μοτίβο),Γυναίκα,Ινδία (μοτίβο)
|
| SUB |
|
|
|a REL
|
| SYG |
0 |
0 |
|a India , Bharat,Indische Union,Altindien,Hindustan,Hindostan,Indien,Indie,Indian Union,Bhārata Gaṇarājya,Bhārata,Indien,Republik Indien,Indien,Dominion of India,India,Republic of India,Inde,Indië,Bharata,Indiia,Indland,Hindiston Respublikasi,Satharanarat 'India,Yin-tu , Frauen,Frauendarstellung,Frauengestalt,Frauenbild,Erwachsene Frau,Weib,Weibliche Erwachsene,Frauen
|
| TIM |
|
|
|a 100019470815_100020261231
|b 1947-08-15 - 2026
|